000 00330 a2200157 4500
001 123311
020 _a9781897457740
040 _cEscola Canadense de Niteroi
245 1 0 _aComplete ScienceSmart 1-2
250 _a1 ed.
260 _aCanada
362 0 _a2015
490 0 _aScienceSmart
650 4 _aScience
942 _cBK
999 _c123311
_d123311